LEADER 01127nam a2200253 i 4500 001 000000244565 003 CaOOAMICUS 005 20150812000000.0 008 150812s1957 it u000 u ita u 013 $a223470 040 $aSeMil$bita 100 1 $aCattaneo, Enrico,$c.$0(OLS)http://semarc/name/166 245 13$aIl san Giuseppe del Richini /$ctesto di : Enrico Cattaneo. 260 $a[S.l. :$bs.n.],$c1957. 300 $a87 p. :$bill., 4 p. di tav. ;$c29 cm. 500 $aIn testa al front : Cassa di Risparmio delle Provincie Lombarde. - Fondo card. Giovanni Colombo. 650 4$aGiuseppe - Culto - Milano.$0(OLS)http://semarc/subject/42570 650 4$aRichini, Francesco Maria .$0(OLS)http://semarc/subject/42571 850 $aSeMil 852 $aSeMil$W1$xVenegono$y1$m3GC VIII 104$j194911$B194911$CSeMilBibl$Z2$F205580 $8B 941 1 $a3 961 $aLascito: Colombo Card. Giovanni 996 $6245$aIl san Giuseppe del Richini$9(OLS)http://semarc/title/227757 996 $6260$a[S.l. :$bs.n.]$9(OLS)http://semarc/publisher/29751 LEADER 01821nam a2200277 i 4500 001 000000005518 003 CaOOAMICUS 005 20251125124338.0 008 180830s1723 it u000 u lat u 040 $aSeMil$bita 100 1 $aPignatelli, Giacomo,$d<1625-1698>.$0(OLS)http://semarc/name/2941 245 10$aJacobi Pignatelli ... Novissimae consultationes canonicae. Praecipuas controversias, quae ad fidem, ejusque regulam spectant, in quibus errores atheorum, infidelium ... referuntur, & refelluntur ... Cum duplici indice, altero consultationum singulis tomis praefixo, altero rerum notabilium in fine posterioris tomi apposito. Tomus prior [-posterior]. 246 0 $iTitolo in occhietto$aJacobi Pignatelli Novissimae consultationes canonicae. Duobus tomis comprehensae 260 $aVenetiis :$bApud Joannem Radici,$c1723. 300 $a2 v. ;$cfol. 500 $aFregio xilogr. sui front. 500 $aLegati insieme i 2 vol. 500 $aFregi, iniz. xilogr. 500 $aTesto su due colonne 700 1 $aRadici, Giovanni,$c.$0(OLS)http://semarc/name/3109 774 0 $tTomus prior.$g1$w()249829 774 0 $tTomus posterior.$g2$w()249830 996 $6245$aJacobi Pignatelli ... Novissimae consultationes canonicae. Praecipuas controversias, quae ad fidem, ejusque regulam spectant, in quibus errores atheorum, infidelium ... referuntur, & refelluntur ... Cum duplici indice, altero consultationum singulis tomis praefixo, altero rerum notabilium in fine posterioris tomi apposito. Tomus prior [-posterior]$9(OLS)http://semarc/title/7711 996 $6246$aJacobi Pignatelli Novissimae consultationes canonicae. Duobus tomis comprehensae$9(OLS)http://semarc/title/7712 996 $6260$aVenetiis :$bApud Joannem Radici$9(OLS)http://semarc/publisher/31522